Greek Epithets (alt) - Statistics

General Stats
  • This quiz has been taken 3 times
  • The average score is 16 of 45
Answer Stats
Hint Answer % Correct
Like to the gods Achilles
100%
Lord of men Agamemnon
100%
Gigantic Ajax
100%
Shooter of arrows Artemis
100%
Grey-eyed Athena
100%
Of many turns Odysseus
100%
Alexandros Paris
100%
Laughter-loving Aphrodite
67%
Destroyer of city walls Ares
67%
Enchantress Circe
67%
Breaker of horses Hector
67%
Daughter of Zeus who holds the aegis Helen
67%
The famous craftsman Hephaestus
67%
Ox-eyed lady Hera
67%
Keen-eyed emissary Hermes
67%
Flaming-haired Menelaus
67%
Earth-shaker Poseidon
67%
Cloud-gatherer Zeus
67%
Destroyer of mice Apollo
33%
Fair-haired Demeter
33%
Sweet-spoken Nestor
33%
Dear to Zeus Patroclus
33%
Temperate Penelope
33%
Silver-footed Thetis
33%
Lord of the Trojans Aeneas
0%
The hallowed prince Alcinous
0%
White-armed Andromache
0%
Lovely-haired Ariadne
0%
Beautiful-cheeked Briseis
0%
Cunning goddess Calypso
0%
Dreaded Charybdis
0%
Fair-cheeked Chryseis
0%
Devious-devising Cronus
0%
Son of Tydeus Diomedes
0%
Rosy-fingered Eos
0%
Who brings joy to mortals Helios
0%
Great-hearted Icarius
0%
Lovely-ankled Ino
0%
Wind-footed Iris
0%
Son of Lykaon Pandarus
0%
Leader of the Lycians Sarpedon
0%
Thoughtful Telemachus
0%
Of the endless speech Thersites
0%
The blind prophet Tiresias
0%
Driver of horses Tydeus
0%
No matching quizzes found
Score Distribution
Percent of People with Each Score
Percentile by Number Answered
Your Score History
You have not taken this quiz